Systémy a stratégie pre riadenie výroby Koncepty dielenského riadenia výroby - MRP I
Pre realizáciu plánovaných výrobných úloh je rozhodujúci systém dielenského riadenia výroby. Vo svete - viaceré koncepty pre dielenské riadenie (MRP I, KANBAN, BOA, OPT atď.). Výrobné systémy typu PULL (ťahový) a PUSH (tlakový). MRP (Material Requirements Planning) - charakteristika systému.
Enregistré dans:
| Auteur principal: | |
|---|---|
| Autres auteurs: | |
| Format: | Chapitre de livre |
| Langue: | slovaque |
| Sujets: | |
| Tags: |
Pas de tags, Soyez le premier à ajouter un tag!
|
MARC
| LEADER | 00000naa a2200000 4500 | ||
|---|---|---|---|
| 001 | r016640 | ||
| 005 | 20221129133948.6 | ||
| 041 | 0 | |a slo | |
| 044 | |a CZ | ||
| 245 | 1 | 0 | |a Systémy a stratégie pre riadenie výroby |b Koncepty dielenského riadenia výroby - MRP I |c M. Gregor, Ján Košturiak |
| 520 | |a Pre realizáciu plánovaných výrobných úloh je rozhodujúci systém dielenského riadenia výroby. Vo svete - viaceré koncepty pre dielenské riadenie (MRP I, KANBAN, BOA, OPT atď.). Výrobné systémy typu PULL (ťahový) a PUSH (tlakový). MRP (Material Requirements Planning) - charakteristika systému. | ||
| 610 | 2 | 0 | |a riadenie výroby |
| 610 | 2 | 0 | |a dielne |
| 610 | 2 | 0 | |a plánovanie výroby |
| 610 | 2 | 0 | |a MRP I |
| 610 | 2 | 0 | |a systémy riadenia |
| 610 | 2 | 0 | |a kanban |
| 100 | 1 | |a Gregor, M. | |
| 700 | 1 | |a Košturiak, Ján | |